[Event "SVK-chT3A 0102"]
[Site "Slovakia"]
[Date "2001.??.??"]
[Round "3"]
[White "Kikinder, Roman"]
[Black "Korbela, Lubomir"]
[Result "1-0"]
[WhiteElo "2140"]
[BlackElo "2137"]
[PlyCount "67"]
[EventDate "2001.10.??"]
[EventType "team"]
[EventRounds "11"]
[EventCountry "SVK"]
[SourceTitle "EXT 2006"]
[Source "ChessBase"]
[SourceDate "2005.11.24"]
[SourceVersion "1"]
[SourceVersionDate "2005.11.24"]
[SourceQuality "1"]

1. e4 c5 2. Nf3 Nc6 3. d4 cxd4 4. Nxd4 Nf6 5. Nc3 e5 6. Ndb5 d6 7. Nd5 Nxd5 8. exd5 Ne7 9. c4 Ng6 10. Qa4 Bd7 11. Qb4 Qb8 12. Be3 b6 13. Bd3 Be7 14. a4 a5 15. Qb3 0-0 16. Nc3 f5 17. f3 Bh4+ 18. g3 Bd8 19. 0-0-0 Qc7 20. Rhf1 Rb8 21. Kb1 Bf6 22. Nb5 Bxb5 23. cxb5 Qd7 24. Rc1 f4 25. Bf2 fxg3 26. hxg3 Bg5 27. Rc6 Rxf3 28. Bxb6 Rxf1+ 29. Bxf1 Bd2 30. Be2 Ne7 31. Bc7 Rb7 32. Bxd6 e4 33. Bxe7 Qxe7 34. d6+ 1-0